000 00455nam a2200181Ia 4500
008 221030s9999 xx 000 0 und d
020 _a007124476x
041 _aEnglish
082 _a105.23
_bSil
100 _aA. Silberschatz
245 0 _aDatabase system concepts
_cby A. Silberschatz, H. F. Korth
250 _a5th
260 _bMcGraw Hill Pub.
_aBoston
_c2006
300 _a1142
650 _aBE Computer
700 _aH. F. Korth
942 _cBK
999 _c3555
_d3555